MARC

LEADER 00000nam0a2200000 4500
001 264503
005 20231101233834.0
035 |a (RuTPU)RU\TPU\book\287495 
090 |a 264503 
100 |a 20140619d1987 m y0rusy50 ca 
101 0 |a rus 
102 |a RU 
105 |a a z 000ay 
200 1 |a Золотое звено  |e повесть  |f В. И. Филатов 
210 |a Москва  |c Военное изд-во  |d 1987 
215 |a 320 с.  |c ил. 
225 1 |a Библиотека юного патриота 
606 1 |a Русская литература современная  |2 stltpush  |3 (RuTPU)RU\TPU\subj\26373  |9 50316 
610 1 |a художественная литература 
610 1 |a повести 
610 1 |a военная служба 
675 |a Р2  |v 3 
700 1 |a Филатов  |b В. И.  |g Виктор Иванович  |4 070 
801 1 |a RU  |b 63413507  |c 20140619 
801 2 |a RU  |b 63413507  |c 20211111  |g RCR 
942 |c BK